| 000 | 00524cam a2200193 4500 | ||
|---|---|---|---|
| 001 | D8558 | ||
| 008 | 090401t1982 xxu||||| |||| 00| 0 eng d | ||
| 035 | _a(Sirsi) u13724 | ||
| 041 | _aeng | ||
| 050 | _a333.33 | ||
| 100 | _aScott, A.D. | ||
| 245 | _aEstate Agents Act 1979 (incorporating the Estate Agents (Accounts) Regulations) | ||
| 260 |
_aLondon _bThe Institute of Chartered Accountants i _c1982 |
||
| 300 | _a24p. 30cm | ||
| 350 | _a3 | ||
| 490 |
_aAccountants Digest _v123 |
||
| 942 | _n0 | ||
| 948 | _c04/03/1997 | ||
| 999 |
_c87136 _d87136 |
||